000 00426nam a2200145Ia 4500
008 100204s9999 xx 000 0 und d
082 _b11396
100 _aकाशिकर एस्. एम्.
245 _aउध्वस्त
260 _b"पुजा प्रकाशन , मुंबई"
_c1988
300 _a188
630 _aउध्वस्त
730 _aउध्वस्त
942 _cBOOK
999 _c455832
_d455829